Statistics for Are you a Bandwagon Cowboys Fan?

Click here to take the quiz!

General Stats

  • This quiz has been taken 71 times
  • The average score is 7 of 10

Answer Stats

QuestionAnswer% Correct
How many Super Bowls have they won?5
100%
Who has more rushing for the first to weeks of the 2017-2018 season? Tom Brady or Ezekiel ElliottTom Brady
85%
How old is Ezekiel Elliott?22
84%
Who is the owner of the Cowboys?Jerry Jones
81%
How many Hall Of Famers played for the Cowboys?23
76%
When was The Team Created?1960
73%
What teams are in their division?Eagles, Giants, Redskins
66%
What year did the Cowboys win their first Super Bowl?1972
61%
What was Dak Prescott's draft number135
32%
Who was the first quarterback of the Cowboys?Eddie Lebaron
23%

Score Distribution

Percentile by Number Answered

Percent of People with Each Score

Your Score History

You have not taken this quiz